Largo desolato y otras obras / (Record no. 181899)

MARC details
000 -LEADER
campo de control de longitud fija 00864nam a2200229 i 4500
001 - NÚMERO DE CONTROL
campo de control 181899
003 - IDENTIFICADOR DE NÚMERO DE CONTROL
campo de control ES-MaACL
005 - FECHA Y HORA DE LA ÚLTIMA TRANSACCIÓN
campo de control 20231019162929.0
008 - DATOS DE LONGITUD FIJA--INFORMACIÓN GENERAL
campo de control de longitud fija 130506s1997 sp | |||| ||spa d
020 ## - NÚMERO INTERNACIONAL ESTÁNDAR DEL LIBRO
Número Internacional Estándar del Libro 84-226-6634-0 Círculo de Lectores
020 ## - NÚMERO INTERNACIONAL ESTÁNDAR DEL LIBRO
Número Internacional Estándar del Libro 84-8109-143-X Galaxia Gutenberg
080 ## - NÚMERO DE LA CLASIFICACIÓN DECIMAL UNIVERSAL
Número de la Clasificación Decimal Universal 821.162.3-23"19"
100 1# - ENTRADA PRINCIPAL--NOMBRE DE PERSONA
Nombre de persona Havel, Václav (
Fechas asociadas al nombre 1936-2011)
9 (RLIN) 152691
245 10 - MENCIÓN DEL TÍTULO
Título Largo desolato y otras obras /
Mención de responsabilidad, etc. Václav Havel ; traducción, selección y prólogo de Monika Zgustová.
260 0# - PUBLICACIÓN, DISTRIBUCIÓN, ETC.
Lugar de publicación, distribución, etc. Barcelona :
Nombre del editor, distribuidor, etc. Círculo de Lectores :
-- Galaxia Gutenberg,
Fecha de publicación, distribución, etc. [1997]
300 ## - DESCRIPCIÓN FÍSICA
Extensión 475 p. ;
Dimensiones 22 cm.
700 0# - ENTRADA AGREGADA--NOMBRE PERSONAL
Nombre de persona Zgustová, Monika.
9 (RLIN) 118222
852 ## - LOCALIZACIÓN
Ubicación ES-MaACL
Número de control de estantería A-12586
itemnumber 188807
Sublocalización o colección R.148755
Ubicación en estantería Depósito 1
Signatura antigua Olim: N-5589
Encuadernación Donación: Centro Cultural Checo
914 ## - NOMBRE ENTIDAD DE DONANTE
RLIN 234348
Nombre de congreso/reunión o jurisdicción como elemento de entrada Centro Cultural Checo
Unidad subordinada Donante
942 ## - ELEMENTOS DE ENTRADA SECUNDARIOS (KOHA)
Fuente del sistema de clasificación o colocación Clasificación decimal universal
Tipo de ítem Koha Libro impreso
Holdings
Estatus retirado Estado de pérdida Fuente del sistema de clasificación o colocación Estado de daño No para préstamo Biblioteca de origen Biblioteca actual Ubicación en estantería Fecha de adquisición Fuente de adquisición Total de préstamos Signatura topográfica completa Código de barras Visto por última vez Precio de reemplazo Tipo de ítem Koha
    Clasificación decimal universal     Biblioteca del Ateneo de Madrid Biblioteca del Ateneo de Madrid Depósito 1 06/05/2013 Donación   A-12586 1191157 23/02/2023 23/02/2023 Libro impreso